| 000 | 00393 a2200169 4500 | ||
|---|---|---|---|
| 001 | 76203 | ||
| 020 | _a8571601755 | ||
| 040 | _cAnchieta - Colégio São Paulo | ||
| 100 | _aTherkovsky, Alda Andreia | ||
| 240 | 1 | 0 |
_aA conquista do Éden _lpor |
| 245 | 1 | 0 | _aA conquista do Éden |
| 300 | _a216 | ||
| 362 | 0 | _a2000 | |
| 440 | 1 | _aMaza Edições | |
| 650 | 4 | _aLiteratura juvenil | |
| 942 | _cBK | ||
| 999 |
_c76203 _d76203 |
||